000 00911nam a2200217 a 4500
008 100614s2000 ||||||||||||||||| || u
020 _a0393319989
050 _aQH 541.15.M64 Sta
100 _aStarke, Linda
245 1 0 _aState of the World 2000: a worldwatch institute report on progress toward a sustainable society.
_cedited by Linda Starke
260 _aNew York:
_bW.W. Norton & Company, Inc
_c2000
300 _axix, 276p: ill.
350 _a0.00
490 _astate of the World
650 0 _aECONOMIC DEVELOPMENT--ENVIRONMENTAL ASPECTS
650 _aCONSERVATION OF NATURAL RESOURCES
650 0 _aENVIRONMENTAL PROTECTION--ZAMBIA
650 0 _aECONOMIC DEVELOPMENT--AFRICA, SUB-SAHARAN
650 _aENVIRONMENT
995 _D0.00
_FCBU-MAIN LIBRARY (Kitwe)
_H1
_I0.00
_M1
_UAVAILABLE
_WJun 14, 2010
_ZMain Library Open Access Collection
999 _c58225
_d58225